000
00275cam a2200109ua 4500
082
_a
028.72551
_b
CUD/FL
100
_a
Cudworth, Arthur G .
_9
1546
245
_a
Flood Hydrology Manual /
260
_a
Jodhpur :
_b
Scientific Publishers ,
_c
1991.
300
_a
243 ; .
942
_c
BK
999
_c
7893
_d
7893